000
00242 a2200109 4500
001
68597
040
_c
Anchieta - Itaigara
240
1
0
_a
Os domínios do leão
_l
245
1
0
_a
Os domínios do leão
650
4
_a
Geografia e viagens
942
_c
MX
999
_c
68597
_d
68597